Economic history of Europe.

Bibliographic Details
Main Author: Heaton, Herbert, 1890-1973
Format: Book
Language:English
Published: New York : Harper, [1948]
Edition:Rev. ed.
Series:Harper's historical series.
Subjects:

MARC

Tag First Indicator Second Indicator Subfields
LEADER 00000cam a2200000 4500
001 in00000053743
005 20151008050856.0
008 720119s1948 nyub b 00000 eng
010 |a  48004770  
035 |a (OCoLC)00224258 
035 |9 AAG3980AM 
040 |a DLC  |c WSU  |d OCL  |d TXA  |d UtOrBLW 
049 |a TXAM  |c [159322] 
050 0 0 |a HC240  |b .H4 1948 
082 0 |a 330.94 
092 |a 330.94  |b H442e, 1948 
100 1 |a Heaton, Herbert,  |d 1890-1973. 
245 1 0 |a Economic history of Europe. 
250 |a Rev. ed. 
264 1 |a New York :  |b Harper,  |c [1948] 
300 |a xiv, 792 pages :  |b maps, diagrams ;  |c 22 cm. 
336 |a text  |b txt  |2 rdacontent 
337 |a unmediated  |b n  |2 rdamedia 
338 |a volume  |b nc  |2 rdacarrier 
490 1 |a Harper's historical series 
504 |a Includes bibliographies. 
651 0 |a Europe  |x Economic conditions. 
830 0 |a Harper's historical series. 
999 |a MARS 
999 f f |s 5465bd1b-d5fc-3046-a76f-c586a3a4a397  |i 417b94de-5710-3c2a-b5c0-ef5ccb2ef57c  |t 0 
952 f f |p ric  |a Texas A&M University  |b Rellis Campus  |c Joint Library Facility  |d Remote Storage  |t 0  |e HC240 .H4 1948  |h Library of Congress classification  |i unmediated -- volume  |m A14800700178 
998 f f |a HC240 .H4 1948  |t 0  |l Remote Storage